000
00241nam a2200097Ia 4500
008
240331s9999 xx 000 0 und d
082
_b
RAG
100
_a
Raghavan, M.D
245
0
_a
Tamil Culture in Ceylon :
_b
A General Introduction
942
_c
L
999
_c
5715
_d
5715